000 00716cab a2200205 4500
001 ABS37955
008 090401t1987 xxu||||| |||| 00| 0 eng d
035 _a(Sirsi) u7779
041 _aeng
110 _aRoyal Institution of Chartered Surveyors
_bInsurance Services
_9643
245 _aPaying the price for what you do
260 _c1987
350 _a0
490 _aChartered Surveyor Weekly
_v20(4) 23 July 1987, 52(1)
520 _aDescribes the professional indemnity scheme offered by RICS Insurance Services , and how the rating of premiums is influenced by the categories of work undertaken by the proposers.
650 _aSURVEYORS
690 _aInsurance
_96249
942 _n0
948 _c04/03/1997
999 _c4731
_d4731